| 000 | 00291 a2200109 4500 | ||
|---|---|---|---|
| 001 | 63348 | ||
| 082 | _a297.63 TAH | ||
| 090 |
_c37398 _d37398 |
||
| 100 | _aProf Dr. Muhammad Tahir-ul- Qadri | ||
| 245 |
_aSirat- Ur-Rasool Vol 5 _hEnglish |
||
| 260 |
_aPakistan _bMinhaj-ul-Quran Publication |
||
| 942 |
_aCAE NUST _k297.63 TAH |
||
| 999 |
_c298421 _d298421 |
||